000 00609nam a2200229Ia 4500
003 OSt
005 20220918215651.0
006 a|||||r|||| 00| 0
007 ta
008 220917b |||||||| |||| 00| 0 eng d
024 _a142,064
037 _cTextual
040 _aARTS
_cARTS
_beng
041 _2eng
_aeng
082 _aY1:4353::262:N4, H42
100 _aGhosh Kali Charan
_9101754
245 0 _aFamines in Bengal, 1770-1943
260 _aNA
_bNA
_c1944
650 _aSOCIOLOGY
942 _hY1:4353::262:N4, H42
_cTEXL
_2CC
999 _c265023
_d265023